Web based training pre obchodnú angličtinu a nemčinu ročná správa o riešení projektu KEGA č. 3/3078/05

Gespeichert in:
Bibliographische Detailangaben
1. Verfasser: Lišková, Danuša
Körperschaft: Ekonomická univerzita v Bratislave. Ústav jazykov
Format: Buch
Sprache:Slowakisch
Veröffentlicht: Bratislava 2006
Schlagworte:
Tags: Tag hinzufügen
Keine Tags, Fügen Sie das erste Tag hinzu!

MARC

LEADER 00000nam$a2200000$$$4500
001 0056257
005 20240718084434.4
041 0 |a slo 
044 |a SK 
245 1 0 |a Web based training pre obchodnú angličtinu a nemčinu  |b ročná správa o riešení projektu KEGA č. 3/3078/05  |c Danuša Lišková 
264 1 |a Bratislava  |c 2006 
300 |a 4 s. 
610 2 0 |a jazyky cudzie 
610 2 0 |a vyučovanie 
610 2 0 |a internet 
610 2 0 |a angličtina 
610 2 0 |a nemčina 
100 1 |a Lišková, Danuša 
710 2 |a Ekonomická univerzita v Bratislave. Ústav jazykov